000 03382nam0a2200385 4500
001 RU\NLR\BIBL_A\022017098
005 20231017161002.0
010 _a978-5-9631-1039-3
_9200
021 _aRU
_bКН-П-23-048445
_9КН-П-23-4852
035 _a(NLR Aleph) 022017098
035 _a(RuMoRGB)011988250
090 _a12500842
_c12500842
100 _a20230901d2023 k y0rusy50 ca
101 0 _arus
102 _aRU
105 _aach|z|||110zy
181 0 _ai
_baxxe
182 0 _an
200 1 _aXXV Дашковские чтения, 25 мая 2021 г., г. Санкт-Петербург
_eсборник статей
_fСанкт-Петербургское государственное бюджетное учреждение "Музей "Нарвская застава"
203 _aТекст
_bвизуальный
_cнепосредственный
210 _aСанкт-Петербург
_cСПб ГБУ "Музей "Нарвская застава"
_d2023
215 _a227 с.
_cил., цв. ил., портр., факс.
_d22
320 _aБиблиогр. в примеч. в конце ст.
330 _aСборник подготовлен по материалам докладов, прочитанных на юбилейных XXV Международных Дашковских чтениях, состоявшихся 25 мая 2021 г. в Санкт-Петербурге, в усадебном доме княгини Е. Р. Дашковой. На Чтениях рассматривались темы, связанные с жизнью и деятельностью выдающегося деятеля эпохи Просвещения княгини Е. Р. Дашковой, семей Воронцовых и Воронцовых-Дашковых, с их вкладом в историю и культуру России, с историей их имений, с современниками княгини Дашковой. Участниками XXV Дашковских чтений были члены Дашковского и Воронцовского обществ, сотрудники научно-исследовательских институтов Российской Академии наук, музеев, высших и средних учебных заведений Москвы, Санкт-Петербурга, Ленинградской, Калужской областей, Республики Беларусь. Сборник статей предназначен для широкого круга читателей, интересующихся историей и культурой России XVIII-XIX вв
600 1 _aДашкова
_bЕ. Р.
_f1743 - 1810
_gЕкатерина Романовна
_jСъезды, совещания и т.п
_9921920
_3RU\NLR\AUTH\66338130
602 _aВоронцовы-Дашковы (род)
_jСъезды, совещания и т.п
_92283628
_3RU\NLR\AUTH\661368053
675 _a94(47+57)"17/18"(082)
_v4
686 1 _aТ3(2)464-8я431
686 1 _aТ214(2)0-2я431
710 1 2 _aМеждународные Дашковские чтения
_d25
_eСанкт-Петербург
_f2021
_9859687
_3RU\NLR\AUTH\880597321
942 _cBOOK
980 _aNB